000 00742nam a22002057a 4500
005 20251108165847.0
008 250721s1987 xx 000 0 ara d
082 1 4 _aم/614.8312025/ياس
100 1 _aالخياط، ياسين مهيب
245 1 0 _aالدليل الوقائي للتعامل مع المواد الكيميائية الخطرة /
264 1 _aعمان :
_bالجمعية العلمية الملكية : مديرية الدفاع المدني،
_c1987.
300 _a119ص
650 1 7 _aالوقاية من المواد الكيماوية
650 1 7 _aالحوادث
650 1 7 _aالأدلة
650 1 7 _aالمتفجرات
700 1 _aبحوث، ميسون سامي
942 _2ddc
_cREF
999 _c33195
_d33195